000 00529nam a22001937a 4500
003 MPLRDC
005 20220104124531.0
008 210129b ||||| |||| 00| 0 eng d
020 _a7-5301-0374-1
082 _a859.3 ZY v.9
100 _a中原、丁大华主编
245 _a特洛伊木马: 著名历史故事精选
_c
250 _a一版一刷
260 _a
_b北京少年儿童出版社
_c1992
300 _b
490 _a小学生拼音宝库之九
650 _a儿童历史故事
942 _cBK
_o859.3 ZY v.9
999 _c20093
_d20083